000 00733cam a2200265 4500
001 J90442
008 090401t1998 xxu||||| |||| 00| 0 eng d
035 _a(Sirsi) u84905
041 _aeng
050 _a333.335
110 _aMinistry of Agriculture Fisheries and Food
245 _aAnnual survey of tenanted land - England - 1997.
260 _aYork
_bMAFF
_c1998
300 _a10p. : ill.,map ; 30cm.
350 _a15
490 _aMAFF Statistics
_v49/98
650 _aPROPERTY-RURAL AND NATURAL ASSETS-AGRICULTURAL PROPERTY-AGRICULTURAL LAND
650 _aFARM LAND
650 _aFARM RENTS
650 _aSTATISTICS
650 _aTENANTED LAND
690 _aRURAL PRACTICE
942 _n0
948 _c16/03/1998
999 _c96989
_d96989